000 00390nam a2200157Ia 4500
008 230312s9999||||xx |||||||||||||| ||und||
020 _a0-13-906447-8
082 _a658.4038
_bSEN_T
100 _aJames A.Senn
245 0 _aInformation Technology In Business
260 _bPrentile Hall
_aNew Jersey
_c2000
300 _a726
546 _aEng.
650 _aComputer
_vTech Talk
942 _cBK
999 _c511
_d511